000 00650nam a2200193Ii 4500
003 JO-AjNU
008 230605s9999||||xx |||||||||||||| ||und||
040 _aJO-AjNU
_bara
_erda
_cJO-AjNU
041 _aara
050 1 4 _aQD75.2 1987
100 3 _aعطائي ، محمد منير / م مشارك ليلى العجلاني,
_eauthor
_99738
245 0 0 _aالكيمياء التحليلية، ج1
264 3 1 _aدمشق:مطبعة الجديدة ، 1987
300 _aج1، 166ص
336 _atext
_btxt
_2rdacontent
337 _aunmediated
_bn
_2rdamedia
338 _avolume
_bnc
_2rdacarrier
650 4 _aالكيمياء التحليلية
_99739
999 _aA1453
_c5021
_d5021